<?xml version="1.0" encoding="UTF-8"?>
<marc:record xmlns:marc="http://www.loc.gov/MARC21/slim">
   <marc:leader>00000nam a2200000 a 4500</marc:leader>
   <marc:datafield ind1="1" ind2=" " tag="100">
      <marc:subfield code="a">Lieckfeld, Claus-Peter</marc:subfield>
      <marc:subfield code="4">aut</marc:subfield>
      <marc:subfield code="e">Verfasser/-in</marc:subfield>
   </marc:datafield>
   <marc:datafield ind1=" " ind2=" " tag="653">
      <marc:subfield code="a">Forstwirtschaft</marc:subfield>
   </marc:datafield>
   <marc:datafield ind1=" " ind2=" " tag="653">
      <marc:subfield code="a">Umwelt</marc:subfield>
   </marc:datafield>
   <marc:datafield ind1=" " ind2=" " tag="653">
      <marc:subfield code="a">Jagd</marc:subfield>
   </marc:datafield>
   <marc:datafield ind1=" " ind2=" " tag="653">
      <marc:subfield code="a">Klimawandel</marc:subfield>
   </marc:datafield>
   <marc:datafield ind1=" " ind2=" " tag="653">
      <marc:subfield code="a">Naturkatastrophen</marc:subfield>
   </marc:datafield>
   <marc:datafield ind1=" " ind2=" " tag="653">
      <marc:subfield code="a">Softcover</marc:subfield>
   </marc:datafield>
   <marc:datafield ind1=" " ind2=" " tag="653">
      <marc:subfield code="a">Karte</marc:subfield>
   </marc:datafield>
   <marc:datafield ind1=" " ind2=" " tag="653">
      <marc:subfield code="a">Landwirtschaft / Forstwirtschaft</marc:subfield>
   </marc:datafield>
   <marc:datafield ind1=" " ind2=" " tag="653">
      <marc:subfield code="a">Fischerei</marc:subfield>
   </marc:datafield>
   <marc:datafield ind1=" " ind2=" " tag="653">
      <marc:subfield code="a">Erlebnisbericht</marc:subfield>
   </marc:datafield>
   <marc:datafield ind1="0" ind2="0" tag="245">
      <marc:subfield code="a">Tatort Wald</marc:subfield>
   </marc:datafield>
   <marc:datafield ind1="0" ind2="0" tag="245">
      <marc:subfield code="b">von einem, der auszog, den Forst zu retten</marc:subfield>
   </marc:datafield>
   <marc:datafield ind1="0" ind2="0" tag="245">
      <marc:subfield code="c">Claus-Peter Lieckfeld. Mit einem Vorw. von Hubert Weinzierl. [Fotos: Georg Meister</marc:subfield>
   </marc:datafield>
   <marc:datafield ind1=" " ind2="1" tag="264">
      <marc:subfield code="a">Frankfurt/Main</marc:subfield>
      <marc:subfield code="b">Westend-Verl.</marc:subfield>
      <marc:subfield code="c">2006</marc:subfield>
   </marc:datafield>
   <marc:datafield ind1="1" ind2=" " tag="520">
      <marc:subfield code="a">Angaben aus der Verlagsmeldung

Tatort Wald : Von einem, der auszog, den Forst zu retten / von Claus P Lieckfeld

Naturnaher Mischwald ist wichtig. Denn er wird zum Beispiel mitentscheiden, wie wir und nachfolgende Generationen mit den immer häufigeren Hochwassern, Lawinen oder Orkanen fertig werden. Vor allem zu viel Wild verhindert Wälder mit großer Wasserspeicherkraft und verursacht durch Verbiss an jungen Bäumen ein Waldsterben von unten. Angesichts von Klimawandel und gefluteten Städten – Jahrhundertfluten alle drei Jahre! – wird offenkundig, wie wichtig die Wasserspeicherkraft naturnaher Wälder ist. Doch diese notwendigen Wälder wachsen nicht nach, weil es die hocheffektive Lobby einer winzigen Minderheit – der „waidgerechten Jäger“ – schafft, ihre Belange durchzusetzen. Ein krasser Verstoß gegen die vielbeschworene Generationengerechtigkeit! Statt Wald vor Wild gilt vielerorts Wild vor Wald. Aus dem scheuen Reh ist längst ein Massentier geworden und aus dem Wald ein artenarmer Holzacker. Der Förster Georg Meister kämpft seit über 50 Jahren mutig und konsequent gegen diese Fehlentwicklung. In seinem Revier hat er beispielhaft gezeigt, wie naturnahe Wälder nachwachsen können – und machte sich dadurch viele Feinde.
</marc:subfield>
   </marc:datafield>
   <marc:datafield ind1=" " ind2=" " tag="020">
      <marc:subfield code="a">9783938060117</marc:subfield>
      <marc:subfield code="9">9783938060117</marc:subfield>
   </marc:datafield>
   <marc:datafield ind1=" " ind2=" " tag="020">
      <marc:subfield code="a">3938060115</marc:subfield>
      <marc:subfield code="9">3938060115</marc:subfield>
   </marc:datafield>
   <marc:datafield ind1=" " ind2=" " tag="041">
      <marc:subfield code="a">ger</marc:subfield>
   </marc:datafield>
   <marc:datafield ind1=" " ind2=" " tag="300">
      <marc:subfield code="a">244, [16] S.</marc:subfield>
   </marc:datafield>
</marc:record>
